| 000 | 00779pam a2200277 4500 | ||
|---|---|---|---|
| 999 |
_c7842 _d7842 |
||
| 001 | 7842 | ||
| 003 | UkOxU | ||
| 005 | 20211005134019.0 | ||
| 008 | 030707s1987 njua 001 0 eng | ||
| 020 | _a0135818443 | ||
| 035 | _a(BD-JhCC) 7842 | ||
| 040 |
_aBD-JhCC _dBD-JhCC |
||
| 041 | _aeng | ||
| 082 |
_a004 _bTOC 1987 |
||
| 100 | 1 | 0 | _aTocci, Ronald J. |
| 245 | 1 | 0 |
_aMicroprocessors and microcomputers : _bhardware and software / _cRonald J. Tocci, Lester P. Laskowski. |
| 250 | _a3rd ed. | ||
| 260 |
_aEnglewood Cliffs, N.J. : _bPrentice-Hall, _c1987. |
||
| 300 |
_axvi, 480 p. : _bill. ; _c24 cm. |
||
| 500 | _aIncludes index. | ||
| 650 | 0 | _aMicroprocessors. | |
| 650 | 0 | _aMicrocomputers. | |
| 700 | 1 | _aLaskowski, Lester P. | |
| 942 |
_2ddc _cBK _02 |
||